000
00277nam a2200109 a 4500
005
20201002053524.0
008
180426s2017 000 spa d
020
_a
9789945194937
245
0
_a
Ciencias de la naturaleza 2 :.
260
_a
Santo Domingo,
_c
2017.
999
_c
46780
_d
46780
040
_a
DO-SdBNP